Thermodynamic models of radiation-induced processes in solids; IOP Conference Series: Materials Science and Engineering; Vol. 168 : Radiation-Thermal Effects and Processes in Inorganic Materials (RTEP2016)
| Parent link: | IOP Conference Series: Materials Science and Engineering Vol. 168 : Radiation-Thermal Effects and Processes in Inorganic Materials (RTEP2016).— 2017.— [012024, 5 p.] |
|---|---|
| Autor Corporativo: | |
| Outros autores: | , , , , |
| Summary: | Title screen A thermodynamic model is proposed to qualitatively describe the radiation-induced processes in solids: temperature dependence of the X-ray radio luminescence output, dependence of these processes on the excitation density, energy accumulating in a solid under exposure to ionizing radiation and its temperature dependence. The proposed model and the formula derived can be used to develop radiation-resistant and radiation-sensitive materials. |
| Idioma: | inglés |
| Publicado: |
2017
|
| Series: | Physical and chemical phenomena in inorganic materials in radiation, electrical and thermal fields |
| Subjects: | |
| Acceso en liña: | http://dx.doi.org/10.1088/1757-899X/168/1/012024 http://earchive.tpu.ru/handle/11683/37786 |
| Formato: | Electrónico Capítulo de libro |
| KOHA link: | https://koha.lib.tpu.ru/cgi-bin/koha/opac-detail.pl?biblionumber=653805 |
MARC
| LEADER | 00000nla2a2200000 4500 | ||
|---|---|---|---|
| 001 | 653805 | ||
| 005 | 20231101134805.0 | ||
| 035 | |a (RuTPU)RU\TPU\network\19320 | ||
| 035 | |a RU\TPU\network\19312 | ||
| 090 | |a 653805 | ||
| 100 | |a 20170330a2017 k y0engy50 ba | ||
| 101 | 0 | |a eng | |
| 105 | |a y z 100zy | ||
| 135 | |a drgn ---uucaa | ||
| 181 | 0 | |a i | |
| 182 | 0 | |a b | |
| 200 | 1 | |a Thermodynamic models of radiation-induced processes in solids |f V. M. Yurov [et al.] | |
| 203 | |a Text |c electronic | ||
| 225 | 1 | |a Physical and chemical phenomena in inorganic materials in radiation, electrical and thermal fields | |
| 300 | |a Title screen | ||
| 320 | |a [References: 9 tit.] | ||
| 330 | |a A thermodynamic model is proposed to qualitatively describe the radiation-induced processes in solids: temperature dependence of the X-ray radio luminescence output, dependence of these processes on the excitation density, energy accumulating in a solid under exposure to ionizing radiation and its temperature dependence. The proposed model and the formula derived can be used to develop radiation-resistant and radiation-sensitive materials. | ||
| 461 | 0 | |0 (RuTPU)RU\TPU\network\2008 |t IOP Conference Series: Materials Science and Engineering | |
| 463 | 0 | |0 (RuTPU)RU\TPU\network\19289 |t Vol. 168 : Radiation-Thermal Effects and Processes in Inorganic Materials (RTEP2016) |o XII International Conference, 4–12 September 2016, Tomsk, Russian Federation |o [proceedings] |v [012024, 5 p.] |d 2017 | |
| 610 | 1 | |a электронный ресурс | |
| 610 | 1 | |a труды учёных ТПУ | |
| 610 | 1 | |a термодинамические модели | |
| 610 | 1 | |a радиационно-индуцированные процессы | |
| 610 | 1 | |a твердые тела | |
| 610 | 1 | |a радиационно-стойкие материалы | |
| 701 | 1 | |a Yurov |b V. M. | |
| 701 | 1 | |a Eremin |b E. N. | |
| 701 | 1 | |a Kasymov |b S. S. | |
| 701 | 1 | |a Laurinas |b V. CH. | |
| 701 | 1 | |a Chernyavski (Chernyavskiy) |b A. V. |c specialist in the field of electronics |c senior researcher of Tomsk Polytechnic University, candidate of physico-mathematical sciences |f 1966- |g Aleksandr Viktorovich |2 stltpush |3 (RuTPU)RU\TPU\pers\34159 | |
| 712 | 0 | 2 | |a Национальный исследовательский Томский политехнический университет (ТПУ) |b Институт неразрушающего контроля (ИНК) |b Проблемная научно-исследовательская лаборатория электроники, диэлектриков и полупроводников (ПНИЛ ЭДиП) |h 194 |2 stltpush |3 (RuTPU)RU\TPU\col\19033 |
| 801 | 2 | |a RU |b 63413507 |c 20170404 |g RCR | |
| 856 | 4 | |u http://dx.doi.org/10.1088/1757-899X/168/1/012024 | |
| 856 | 4 | |u http://earchive.tpu.ru/handle/11683/37786 | |
| 942 | |c CF | ||